<?xml version="1.0" encoding="UTF-8"?><?xml-stylesheet type="text/xsl" href="static/style.xsl"?><OAI-PMH xmlns="http://www.openarchives.org/OAI/2.0/" xmlns:xsi="http://www.w3.org/2001/XMLSchema-instance" xsi:schemaLocation="http://www.openarchives.org/OAI/2.0/ http://www.openarchives.org/OAI/2.0/OAI-PMH.xsd"><responseDate>2026-04-26T22:06:15Z</responseDate><request verb="GetRecord" identifier="oai:uvadoc.uva.es:10324/9030" metadataPrefix="marc">https://uvadoc.uva.es/oai/request</request><GetRecord><record><header><identifier>oai:uvadoc.uva.es:10324/9030</identifier><datestamp>2021-06-30T07:35:49Z</datestamp><setSpec>com_10324_6426</setSpec><setSpec>com_10324_5186</setSpec><setSpec>com_10324_29291</setSpec><setSpec>col_10324_6428</setSpec></header><metadata><record xmlns="http://www.loc.gov/MARC21/slim" xmlns:doc="http://www.lyncode.com/xoai" xmlns:xsi="http://www.w3.org/2001/XMLSchema-instance" xmlns:dcterms="http://purl.org/dc/terms/" xsi:schemaLocation="http://www.loc.gov/MARC21/slim http://www.loc.gov/standards/marcxml/schema/MARC21slim.xsd">
<leader>00925njm 22002777a 4500</leader>
<datafield tag="042" ind1=" " ind2=" ">
<subfield code="a">dc</subfield>
</datafield>
<datafield tag="720" ind1=" " ind2=" ">
<subfield code="a">Pérez de Castro, Ramón</subfield>
<subfield code="e">author</subfield>
</datafield>
<datafield tag="260" ind1=" " ind2=" ">
<subfield code="c">2012</subfield>
</datafield>
<datafield tag="520" ind1=" " ind2=" ">
<subfield code="a">El trabajo pretende ahondar en el conocimiento de los primeros años de Pedro de Bolduque, su nacimiento y formación en el taller de Maestre Mateo de Bolduque, la personalidad artística de su hermano mayor, Juan Mateo de Bolduque, y su participación en distintas obras hasta su asentamiento en Cuéllar (Segovia) a comienzos de la década de los 80 del siglo XVI. Se incluyen algunas aclaraciones sobre los retablos de Capillas (Palencia) y Santa María de Medina de Rioseco (Valladolid), donde estuvo bajo las órdenes de Juan de Juni, los dos principales conjuntos de estos primeros años.</subfield>
</datafield>
<datafield tag="520" ind1=" " ind2=" ">
<subfield code="a">This paper tries to go deeper in the knowledge of Pedro de Bolduque's early years, his birth and his training in the workshop of Maestre Mateo de Bolduque, the artistic personality of his older brother, Juan Mateo de Bolduque, and his participation in different works until he settled down in Cuéllar (Segovia) at the beginning of the 80's, 16th Century. There are included some explanations about the altarpieces of Capillas (Palencia) and Santa María in Medina de Rioseco (Valladolid), where he was under the orders of Juan de Juni, the two main works of this early years.</subfield>
</datafield>
<datafield tag="024" ind2=" " ind1="8">
<subfield code="a">BSAA Arte: Boletín del Seminario de Estudios de Arte, 2012, N.78, pags.69-98</subfield>
</datafield>
<datafield tag="024" ind2=" " ind1="8">
<subfield code="a">1888-9751</subfield>
</datafield>
<datafield tag="024" ind2=" " ind1="8">
<subfield code="a">http://uvadoc.uva.es/handle/10324/9030</subfield>
</datafield>
<datafield tag="024" ind2=" " ind1="8">
<subfield code="a">69</subfield>
</datafield>
<datafield tag="024" ind2=" " ind1="8">
<subfield code="a">78</subfield>
</datafield>
<datafield tag="024" ind2=" " ind1="8">
<subfield code="a">98</subfield>
</datafield>
<datafield tag="024" ind2=" " ind1="8">
<subfield code="a">BSAA Arte: Boletín del Seminario de Estudios de Arte</subfield>
</datafield>
<datafield ind1=" " ind2=" " tag="653">
<subfield code="a">Arte</subfield>
</datafield>
<datafield tag="245" ind1="0" ind2="0">
<subfield code="a">El escultor Pedro de Bolduque: orígenes y primeras obras</subfield>
</datafield>
</record></metadata></record></GetRecord></OAI-PMH>